Normal view
MARC view
Entry Personal Name
001 - CONTROL NUMBER
- control field: 1239717
003 - CONTROL NUMBER IDENTIFIER
- control field: OSt
005 - DATE AND TIME OF LATEST TRANSACTION
- control field: 20260514122614.0
008 - FIXED-LENGTH DATA ELEMENTS
- fixed length control field: 260514|| aca||aabn | a|a d
040 ## - CATALOGING SOURCE
- Original cataloging agency: OSt
- Transcribing agency: OSt
100 ## - HEADING--PERSONAL NAME
- Personal name: Dr.Sanjeev Kumar Tudu
670 ## - SOURCE DATA FOUND
- Source citation: Work cat.: (OSt)1851534: Dr.Sumit Kumar 1239716, Assessment of Intra-Opeative and Post-Operative Parameters in Harmonic Scalpel (ACE) Assisted Clipless Laparoscopic Cholecystectomy -An Observational Study.
